| 000 | 00767nam a2200217 i 4500 | ||
|---|---|---|---|
| 001 | 19536 | ||
| 003 | ES-MaACL | ||
| 005 | 20230906152122.0 | ||
| 007 | t| | ||
| 008 | 021002s1952 sp ||||1| cat d | ||
| 100 | 1 |
_aAbadal, Ramon d', _d1888-1970 _917945 |
|
| 245 | 1 | 0 |
_aCatalunya carolingia. _n, . V.2, _pEls diplomes carolingis a Catalunya / _cpor Ramon d'Abadal i de Vinyals. |
| 260 |
_aBarcelona : _bInstitució Patxot, _c1952. |
||
| 300 |
_a2 v. : _bmap. ; _c28 cm. |
||
| 490 | 1 | _aMemories de la secció histáorico-arqueoláogica | |
| 651 | 4 |
_aCataluña- _xHistoria- _yS.V-XV. _9157495 |
|
| 710 | 2 |
_aInstitució Patxot. _94708 |
|
| 830 | 0 |
_aMemories de la secció histáorico-arqueoláogica _9226564 |
|
| 852 |
_aES-MaACL _jP-923 |
||
| 999 |
_c19536 _d19536 |
||